[Event "Oberliga Ost-B 1617"]
[Site "Germany"]
[Date "2017.01.15"]
[Round "5.7"]
[White "Aslan, Benjamin"]
[Black "Doehring, Joachim"]
[Result "1-0"]
[WhiteElo "2170"]
[BlackElo "2082"]
[PlyCount "57"]
[EventDate "2016.10.16"]
[EventType "team-tourn"]
[EventRounds "11"]
[EventCountry "GER"]
[SourceTitle "EXT 2018"]
[Source "ChessBase"]
[SourceDate "2017.10.13"]
[SourceVersion "1"]
[SourceVersionDate "2017.10.13"]
[SourceQuality "1"]
[WhiteTeam "Kassel"]
[BlackTeam "Wiesbaden"]
[WhiteTeamCountry "GER"]
[BlackTeamCountry "GER"]

1. d4 Nf6 2. Nf3 e6 3. g3 b6 4. Bg2 Bb7 5. 0-0 c5 6. c4 cxd4 7. Qxd4 d6 8. Nc3 a6 9. b3 Nbd7 10. Bb2 Be7 11. e4 Qc7 12. Rfe1 0-0 13. Rad1 Rfd8 14. h3 Rac8 15. Nh2 Bf8 16. Nf1 Qb8 17. g4 Nc5 18. Ng3 h6 19. Qe3 Qa8 20. g5 hxg5 21. Qxg5 b5 22. Nxb5 Nfxe4 23. Bxe4 Bxe4 24. Nxd6 Rxd6 25. Rxd6 Bg6 26. Rd4 Nd3 27. Rxd3 Bxd3 28. Nh5 Bg6 29. Nf6+ 1-0

[Event "Oberliga Ost-B 1617"]
[Site "Germany"]
[Date "2016.12.04"]
[Round "4.6"]
[White "Aslan, Benjamin"]
[Black "Boehmer, Christian"]
[Result "1-0"]
[WhiteElo "2170"]
[BlackElo "2166"]
[PlyCount "71"]
[EventDate "2016.10.16"]
[EventType "team-tourn"]
[EventRounds "11"]
[EventCountry "GER"]
[SourceTitle "EXT 2018"]
[Source "ChessBase"]
[SourceDate "2017.10.13"]
[SourceVersion "1"]
[SourceVersionDate "2017.10.13"]
[SourceQuality "1"]
[WhiteTeam "Kassel"]
[BlackTeam "Moerlenbach Birkenau"]
[WhiteTeamCountry "GER"]
[BlackTeamCountry "GER"]

1. d4 Nf6 2. Nf3 e6 3. c4 c5 4. g3 cxd4 5. Nxd4 Nc6 6. Bg2 Qb6 7. Nc2 Bc5 8. 0-0 h5 9. Nc3 h4 10. e3 Ne5 11. b4 Be7 12. c5 Qc7 13. f4 hxg3 14. hxg3 Nc4 15. e4 a5 16. Nb5 Bxc5+ 17. bxc5 Qxc5+ 18. Nbd4 d6 19. Ne3 e5 20. Qa4+ Bd7 21. Qxc4 exd4 22. Qxc5 dxc5 23. e5 Nh5 24. Nd5 Rc8 25. Kf2 f5 26. exf6 Nxf6 27. Nxf6+ gxf6 28. Bxb7 Rc7 29. Bg2 Bc6 30. Bxc6+ Rxc6 31. a3 Kd7 32. Kf3 Rh2 33. Rf2 Rxf2+ 34. Kxf2 Ke6 35. Rb1 Kd5 36. Rb5 1-0

[Event "Oberliga Ost-B 1516"]
[Site "Germany"]
[Date "2015.09.20"]
[Round "1.7"]
[White "Aslan, Benjamin"]
[Black "Buckan, Jens"]
[Result "1-0"]
[WhiteElo "2167"]
[BlackElo "2103"]
[PlyCount "139"]
[EventDate "2015.09.20"]
[EventType "team-tourn"]
[EventRounds "11"]
[EventCountry "GER"]
[SourceTitle "EXT 2017"]
[Source "ChessBase"]
[SourceDate "2016.10.25"]
[SourceVersion "1"]
[SourceVersionDate "2016.10.25"]
[SourceQuality "1"]
[WhiteTeam "Kassel"]
[BlackTeam "Erfurt Empor"]
[WhiteTeamCountry "GER"]
[BlackTeamCountry "GER"]

1. d4 Nf6 2. Nf3 c5 3. c4 cxd4 4. Nxd4 Nc6 5. g3 e5 6. Nb5 d6 7. Bg5 Be6 8. e3 Qa5+ 9. Qd2 Ne4 10. Qxa5 Nxa5 11. Bg2 Nxg5 12. Nc7+ Kd7 13. Nxa8 Bxc4 14. Na3 Bd3 15. f4 Be4 16. 0-0 exf4 17. exf4 Bxg2 18. Kxg2 Ne6 19. f5 Nd4 20. b4 d5 21. bxa5 Bxa3 22. Rfd1 Bc5 23. Rac1 Kd6 24. Nc7 a6 25. Re1 Nxf5 26. Ne8+ Kc6 27. g4 Nd4 28. Nxg7 Rg8 29. Re8 Rxg7 30. Rc8+ Kd6 31. R8xc5 Rxg4+ 32. Kf2 Nc6 33. R5c3 Rf4+ 34. Kg2 h5 35. Rh3 h4 36. Rf1 Rg4+ 37. Kh1 Ne5 38. Rb3 Ra4 39. Rxb7 Rxa5 40. Rf6+ Kc5 41. Rc7+ Kd4 42. Rf4+ Ke3 43. Rxh4 d4 44. Rh3+ Kd2 45. Rg3 d3 46. Kg1 Ke2 47. Rg2+ Ke3 48. Rc3 Nf3+ 49. Kf1 Rb5 50. Rc1 d2 51. Rd1 Rf5 52. Rg3 Kd3 53. Ra1 Kc2 54. Ke2 Re5+ 55. Kxf3 d1Q+ 56. Rxd1 Kxd1 57. Rg2 a5 58. h4 Kc1 59. Rh2 Rh5 60. Kg4 Rh7 61. a4 Rh6 62. Kg5 Rg6+ 63. Kf5 Rg3 64. h5 Rf3+ 65. Ke4 Ra3 66. h6 Rxa4+ 67. Kf5 Rb4 68. h7 Rb5+ 69. Kf6 Rb8 70. h8Q 1-0

[Event "BL2-Nord 1213"]
[Site "Germany"]
[Date "2013.04.14"]
[Round "9.3"]
[White "Janz, Frerik"]
[Black "Aslan, Benjamin"]
[Result "1/2-1/2"]
[WhiteElo "2324"]
[BlackElo "2178"]
[PlyCount "44"]
[EventDate "2012.10.14"]
[EventType "team-tourn"]
[EventRounds "9"]
[EventCountry "GER"]
[SourceTitle "CBM 154 Extra"]
[Source "ChessBase"]
[SourceDate "2013.06.25"]
[SourceVersion "2"]
[SourceVersionDate "2013.06.25"]
[SourceQuality "1"]
[WhiteTeam "Luebeck"]
[BlackTeam "Kassel"]
[WhiteTeamCountry "GER"]
[BlackTeamCountry "GER"]

1. c4 Nf6 2. Nc3 c5 3. Nf3 e6 4. e3 Be7 5. d4 cxd4 6. exd4 d5 7. cxd5 Nxd5 8. Bd3 Nxc3 9. bxc3 Nc6 10. 0-0 0-0 11. Qc2 g6 12. Bh6 Re8 13. Be4 Qc7 14. h4 Bf6 15. Rab1 e5 16. h5 exd4 17. hxg6 hxg6 18. cxd4 Rxe4 19. Qxe4 Bf5 20. Qf4 Qxf4 21. Bxf4 Bxb1 22. Rxb1 Nxd4 1/2-1/2

[Event "BL2-Nord 1213"]
[Site "Germany"]
[Date "2012.10.14"]
[Round "1.3"]
[White "Aslan, Benjamin"]
[Black "Muse, Mladen"]
[Result "1/2-1/2"]
[WhiteElo "2178"]
[BlackElo "2449"]
[PlyCount "83"]
[EventDate "2012.10.14"]
[EventType "team-tourn"]
[EventRounds "9"]
[EventCountry "GER"]
[SourceTitle "CBM 154 Extra"]
[Source "ChessBase"]
[SourceDate "2013.06.25"]
[SourceVersion "2"]
[SourceVersionDate "2013.06.25"]
[SourceQuality "1"]
[WhiteTeam "Kassel"]
[BlackTeam "Berlin Koenig Tegel"]
[WhiteTeamCountry "GER"]
[BlackTeamCountry "GER"]

1. d4 g6 2. Nf3 Bg7 3. c4 c5 4. d5 d6 5. Nc3 Nf6 6. e4 0-0 7. Be2 e6 8. 0-0 exd5 9. exd5 Bg4 10. Bf4 Re8 11. h3 Bxf3 12. Bxf3 a6 13. a4 Qc7 14. Qd2 Nbd7 15. Rfe1 Nb6 16. b3 Nbd7 17. Rab1 Rxe1+ 18. Rxe1 Qb6 19. Bd1 Qb4 20. Re7 Bf8 21. Re2 Bg7 22. Qe1 Qb6 23. a5 Qxa5 24. Bxd6 b5 25. Bf4 bxc4 26. Ra2 Qb4 27. Ra4 Qb7 28. Rxc4 Re8 29. Qd2 Rc8 30. Be3 Bf8 31. d6 Qc6 32. Ra4 Qxd6 33. Qxd6 Bxd6 34. Rxa6 Be5 35. Nb5 Nd5 36. Bd2 Rd8 37. Ba5 Rb8 38. Be2 Nb4 39. Ra7 Nc6 40. Rxd7 Nxa5 41. Rd5 Bf6 42. Rxc5 1/2-1/2

[Event "Vellmar op-A 4th"]
[Site "Vellmar"]
[Date "2012.07.29"]
[Round "6"]
[White "Meyner, Hannes"]
[Black "Aslan, Benjamin"]
[Result "1-0"]
[WhiteElo "2217"]
[BlackElo "2156"]
[PlyCount "47"]
[EventDate "2012.07.26"]
[EventType "swiss"]
[EventRounds "7"]
[EventCountry "GER"]
[SourceTitle "EXT 2014"]
[Source "ChessBase"]
[SourceDate "2013.11.20"]
[SourceVersion "1"]
[SourceVersionDate "2013.11.20"]
[SourceQuality "1"]

1. d4 Nf6 2. c4 c5 3. d5 b5 4. cxb5 a6 5. bxa6 g6 6. Nc3 Bxa6 7. Nf3 Bg7 8. g3 d6 9. Bg2 Nfd7 10. Qc2 Nb6 11. h4 h6 12. h5 g5 13. Nh2 N8d7 14. Ng4 Nc4 15. Ne3 Nxe3 16. Bxe3 Qa5 17. Bd2 Ne5 18. Nd1 Qb6 19. Bc3 0-0 20. Ne3 Bc8 21. Nf5 Bxf5 22. Qxf5 Rfb8 23. f4 Nc4 24. Be4 1-0

[Event "Vellmar op-A 4th"]
[Site "Vellmar"]
[Date "2012.07.28"]
[Round "5"]
[White "Aslan, Benjamin"]
[Black "Kobs, Stephan"]
[Result "1-0"]
[WhiteElo "2156"]
[BlackElo "2035"]
[PlyCount "59"]
[EventDate "2012.07.26"]
[EventType "swiss"]
[EventRounds "7"]
[EventCountry "GER"]
[SourceTitle "EXT 2014"]
[Source "ChessBase"]
[SourceDate "2013.11.20"]
[SourceVersion "1"]
[SourceVersionDate "2013.11.20"]
[SourceQuality "1"]

1. d4 Nf6 2. Nf3 g6 3. c4 c5 4. d5 b5 5. Nfd2 bxc4 6. e4 d6 7. Nc3 Bg7 8. Nxc4 0-0 9. Be2 Nbd7 10. a4 Nb6 11. Ne3 Rb8 12. 0-0 e6 13. a5 Na8 14. dxe6 Bxe6 15. Qd3 Nc7 16. Rd1 Bb3 17. Rd2 Rb4 18. e5 Rd4 19. exf6 Bxf6 20. Qb1 d5 21. Bd1 Bxd1 22. Ncxd1 Re8 23. Qc2 Rde4 24. Qxc5 d4 25. Nf1 Re1 26. Rd3 Ne6 27. Qc6 Qe7 28. Bd2 Rxf1+ 29. Kxf1 Nc5 30. Qf3 1-0

[Event "Oberliga Ost-B 1112"]
[Site "Germany"]
[Date "2011.11.20"]
[Round "4.3"]
[White "Aslan, Benjamin"]
[Black "Watzke, Birger"]
[Result "1-0"]
[WhiteElo "2084"]
[BlackElo "2189"]
[PlyCount "65"]
[EventDate "2011.10.02"]
[EventType "team-tourn"]
[EventRounds "11"]
[EventCountry "GER"]
[SourceTitle "EXT 2013"]
[Source "ChessBase"]
[SourceDate "2012.11.22"]
[SourceVersion "1"]
[SourceVersionDate "2012.11.22"]
[SourceQuality "1"]
[WhiteTeam "Kassel"]
[BlackTeam "Elstertal"]
[WhiteTeamCountry "GER"]
[BlackTeamCountry "GER"]

1. d4 Nf6 2. Nf3 g6 3. c4 Bg7 4. Nc3 d6 5. e4 0-0 6. Be2 e5 7. 0-0 Nbd7 8. Qc2 c6 9. d5 c5 10. Bg5 h6 11. Be3 Nh5 12. g3 Ndf6 13. Nh4 Ng4 14. Bd2 Nf4 15. f3 Nxe2+ 16. Nxe2 Nf6 17. b4 cxb4 18. c5 Bh3 19. Rfb1 Rc8 20. Bxb4 g5 21. Ng2 Nd7 22. Ne3 f5 23. c6 fxe4 24. Bxd6 Qf6 25. Bxf8 Qxf3 26. Qd2 Nxf8 27. Rf1 Bxf1 28. Rxf1 Qh5 29. Nf5 Rc7 30. d6 Rxc6 31. Nxg7 Kxg7 32. Rxf8 e3 33. Qd5 1-0

[Event "Hessenliga 1011"]
[Site "Germany"]
[Date "2011.05.08"]
[Round "9.6"]
[White "Aslan, Benjamin"]
[Black "Zimmermann, Stefan"]
[Result "1-0"]
[WhiteElo "2086"]
[BlackElo "2179"]
[PlyCount "57"]
[EventDate "2010.09.26"]
[EventType "team-tourn"]
[EventRounds "9"]
[EventCountry "GER"]
[SourceTitle "EXT 2012"]
[Source "ChessBase"]
[SourceDate "2011.11.24"]
[SourceVersion "1"]
[SourceVersionDate "2011.11.24"]
[SourceQuality "1"]
[WhiteTeam "Kassel"]
[BlackTeam "Dotzheim"]
[WhiteTeamCountry "GER"]
[BlackTeamCountry "GER"]

1. d4 Nf6 2. Nf3 d5 3. c4 e6 4. e3 Be7 5. Nc3 0-0 6. b3 c5 7. Bd3 Nc6 8. 0-0 b6 9. Bb2 Bb7 10. Qe2 cxd4 11. exd4 dxc4 12. bxc4 Qc7 13. Rac1 Rad8 14. d5 Nb4 15. Nb5 Qd7 16. Ne5 Qe8 17. Bc2 Bd6 18. Ng4 Nxg4 19. Qxg4 e5 20. Rfe1 f6 21. Bf5 Kh8 22. Nxd6 Rxd6 23. f4 Qf7 24. Qh4 g6 25. fxe5 gxf5 26. exd6 Nd3 27. Re7 Qg6 28. Rc3 f4 29. Rxd3 1-0

[Event "Hessenliga 1011"]
[Site "Germany"]
[Date "2011.03.13"]
[Round "7.6"]
[White "Aslan, Benjamin"]
[Black "Meinzer, Dieter"]
[Result "1-0"]
[WhiteElo "2086"]
[BlackElo "2218"]
[PlyCount "134"]
[EventDate "2010.09.26"]
[EventType "team-tourn"]
[EventRounds "9"]
[EventCountry "GER"]
[SourceTitle "EXT 2012"]
[Source "ChessBase"]
[SourceDate "2011.11.24"]
[SourceVersion "1"]
[SourceVersionDate "2011.11.24"]
[SourceQuality "1"]
[WhiteTeam "Kassel"]
[BlackTeam "Eppstein"]
[WhiteTeamCountry "GER"]
[BlackTeamCountry "GER"]

1. d4 Nf6 2. Nf3 g6 3. c4 Bg7 4. Nc3 0-0 5. e4 d6 6. Be2 Bg4 7. Be3 Nfd7 8. Nd2 Bxe2 9. Qxe2 Nc6 10. Nf3 e5 11. Rd1 exd4 12. Nxd4 Nxd4 13. Bxd4 Bxd4 14. Rxd4 Nc5 15. 0-0 Ne6 16. Rd2 Qg5 17. Rfd1 Rae8 18. Rd5 f5 19. g3 Qf6 20. f4 fxe4 21. Nxe4 Qe7 22. Nc3 Nc5 23. Qxe7 Rxe7 24. R5d4 Rfe8 25. b4 Na6 26. a3 Kf7 27. Kf2 Re3 28. R4d3 Rxd3 29. Rxd3 Re6 30. Rd1 c6 31. Kf3 h6 32. Ne4 Ke7 33. g4 Nc7 34. f5 gxf5 35. gxf5 Re5 36. f6+ Kf7 37. Rxd6 Ne6 38. Rd7+ Kg6 39. Rxb7 Kf5 40. Ng3+ Kxf6 41. Ne4+ Kg6 42. Rxa7 Rf5+ 43. Kg3 Re5 44. Kf3 Rf5+ 45. Ke3 Rh5 46. Ra6 Rxh2 47. Rxc6 Rh3+ 48. Kf2 Kf5 49. Ng3+ Ke5 50. Kg2 Rh4 51. a4 Rd4 52. Ne2 Rd2 53. Kf3 h5 54. Rc8 Rb2 55. b5 Ng5+ 56. Ke3 Rb3+ 57. Kd2 Rb2+ 58. Kd3 h4 59. Rh8 h3 60. a5 Rb3+ 61. Kc2 Ra3 62. a6 Ra2+ 63. Kd3 Ra3+ 64. Nc3 Ne6 65. Kd2 Kd4 66. b6 Rxa6 67. b7 h2 1-0

[Event "Hessenliga 1011"]
[Site "Germany"]
[Date "2011.01.23"]
[Round "5.6"]
[White "Prange, Dieter"]
[Black "Aslan, Benjamin"]
[Result "0-1"]
[WhiteElo "2148"]
[BlackElo "2086"]
[PlyCount "40"]
[EventDate "2010.09.26"]
[EventType "team-tourn"]
[EventRounds "9"]
[EventCountry "GER"]
[SourceTitle "EXT 2012"]
[Source "ChessBase"]
[SourceDate "2011.11.24"]
[SourceVersion "1"]
[SourceVersionDate "2011.11.24"]
[SourceQuality "1"]
[WhiteTeam "Marburg"]
[BlackTeam "Kassel"]
[WhiteTeamCountry "GER"]
[BlackTeamCountry "GER"]

1. e4 e6 2. d4 d5 3. Nc3 Nf6 4. e5 Nfd7 5. Nce2 c5 6. c3 Nc6 7. Nf3 cxd4 8. cxd4 f6 9. Nf4 Qe7 10. exf6 Qxf6 11. Bd3 Bb4+ 12. Kf1 Bd6 13. g3 0-0 14. h4 e5 15. dxe5 Ndxe5 16. Ng5 Nxd3 17. Qxd3 Qf5 18. Qxf5 Bxf5 19. Bd2 h6 20. Nge6 Rfe8 0-1

[Event "GER-chT DLM U20"]
[Site "Stuttgart"]
[Date "2010.11.19"]
[Round "5.2"]
[White "Aslan, Benjamin"]
[Black "Geske, Julian"]
[Result "0-1"]
[WhiteElo "2105"]
[BlackElo "2364"]
[PlyCount "62"]
[EventDate "2010.11.17"]
[EventType "team-tourn"]
[EventRounds "7"]
[EventCountry "GER"]
[SourceTitle "CBM 139 Extra"]
[Source "ChessBase"]
[SourceDate "2011.01.05"]
[SourceVersion "1"]
[SourceVersionDate "2011.01.05"]
[SourceQuality "1"]
[WhiteTeam "Hessen U20 II"]
[BlackTeam "Hessen U20"]
[WhiteTeamCountry "GER"]
[BlackTeamCountry "GER"]

1. d4 d5 2. c4 c6 3. Nf3 dxc4 4. e3 Be6 5. Qc2 Nf6 6. Nc3 b5 7. Ng5 Bd7 8. a4 e6 9. Be2 Be7 10. 0-0 h6 11. Nf3 0-0 12. Ne5 a6 13. Rd1 Qc7 14. e4 Rd8 15. Bf4 Qb7 16. Bf3 Be8 17. Rab1 Nbd7 18. b3 cxb3 19. Qxb3 Nxe5 20. Bxe5 Qa7 21. d5 cxd5 22. exd5 Nxd5 23. Nxd5 exd5 24. Bxd5 Rac8 25. Qg3 Bf8 26. Bf6 Rd7 27. Bd4 Qc7 28. Qf3 Rcd8 29. Rbc1 Qa5 30. Bc6 Rxd4 31. Rxd4 Bxc6 0-1

[Event "GER-chT DLM U20"]
[Site "Stuttgart"]
[Date "2010.11.19"]
[Round "4.2"]
[White "Borgmeyer, Max"]
[Black "Aslan, Benjamin"]
[Result "1-0"]
[WhiteElo "2152"]
[BlackElo "2130"]
[PlyCount "65"]
[EventDate "2010.11.17"]
[EventType "team-tourn"]
[EventRounds "7"]
[EventCountry "GER"]
[SourceTitle "EXT 2022"]
[Source "ChessBase"]
[SourceDate "2021.10.06"]
[SourceVersion "1"]
[SourceVersionDate "2021.10.06"]
[SourceQuality "1"]
[WhiteTeam "Hamburg U20"]
[BlackTeam "Hessen U20 II"]
[WhiteTeamCountry "GER"]
[BlackTeamCountry "GER"]

1. e4 e6 2. d4 d5 3. Nc3 Bb4 4. e5 Bf8 5. Nce2 c5 6. f4 Nh6 7. c3 b6 8. Nf3 Ba6 9. g3 Nf5 10. Bh3 Qd7 11. g4 Ne7 12. f5 Nbc6 13. Nf4 g6 14. fxe6 fxe6 15. Qa4 Bc8 16. 0-0 Bg7 17. Ng5 Nd8 18. Qc2 Ba6 19. Rf2 cxd4 20. cxd4 Rc8 21. Qb3 Bh6 22. Ngxe6 Nxe6 23. Nxe6 Rxc1+ 24. Rxc1 Bxc1 25. Ng7+ Kd8 26. g5 Nf5 27. Nxf5 gxf5 28. Bxf5 Qb5 29. Qa3 Bxg5 30. Qd6+ Ke8 31. Be6 Be7 32. Bf7+ Kf8 33. Qh6# 1-0

[Event "GER-chT DLM U20"]
[Site "Stuttgart"]
[Date "2010.11.17"]
[Round "1.2"]
[White "Aslan, Benjamin"]
[Black "Schulz, Jens"]
[Result "0-1"]
[WhiteElo "2130"]
[BlackElo "2170"]
[PlyCount "66"]
[EventDate "2010.11.17"]
[EventType "team-tourn"]
[EventRounds "7"]
[EventCountry "GER"]
[SourceTitle "EXT 2022"]
[Source "ChessBase"]
[SourceDate "2021.10.06"]
[SourceVersion "1"]
[SourceVersionDate "2021.10.06"]
[SourceQuality "1"]
[WhiteTeam "Hessen U20 II"]
[BlackTeam "Niedersachsen U20"]
[WhiteTeamCountry "GER"]
[BlackTeamCountry "GER"]

1. d4 d5 2. c4 c6 3. Nf3 Nf6 4. e3 Bg4 5. Qb3 Qb6 6. Nc3 Bxf3 7. gxf3 e6 8. Rg1 Nbd7 9. Qxb6 Nxb6 10. b3 Bb4 11. Bd2 0-0 12. Bd3 Rad8 13. cxd5 Nbxd5 14. Ne4 Be7 15. Rc1 Nd7 16. f4 Ba3 17. Rd1 c5 18. dxc5 Nxc5 19. Nxc5 Bxc5 20. Be4 b6 21. Bf3 g6 22. h4 Rd7 23. Bc1 Rfd8 24. a3 Be7 25. Bb2 Bxh4 26. Rc1 Nxe3 27. Rh1 Nf5 28. Be4 Bxf2+ 29. Kf1 Be3 30. Re1 Ng3+ 31. Kg2 Bxf4 32. Kf3 Nxh1 33. Kxf4 Nf2 0-1

[Event "Vellmar op-A 2nd"]
[Site "Vellmar"]
[Date "2010.07.08"]
[Round "1"]
[White "Aslan, Benjamin"]
[Black "Schreyer, Klaus"]
[Result "1-0"]
[WhiteElo "2086"]
[BlackElo "1886"]
[PlyCount "105"]
[EventDate "2010.07.08"]
[EventType "swiss"]
[EventRounds "7"]
[EventCountry "GER"]
[SourceTitle "EXT 2011"]
[Source "ChessBase"]
[SourceDate "2010.11.26"]
[SourceVersion "1"]
[SourceVersionDate "2010.11.26"]
[SourceQuality "1"]

1. d4 Nf6 2. c4 e6 3. g3 c5 4. d5 exd5 5. cxd5 d6 6. Bg2 g6 7. Nc3 Na6 8. Nf3 Bg7 9. 0-0 0-0 10. h3 Nc7 11. a4 Rb8 12. Nd2 a6 13. a5 b6 14. axb6 Rxb6 15. Nc4 Rb4 16. Qd3 Nh5 17. Ne4 Ne8 18. Bd2 f5 19. Ng5 Rb8 20. Ne6 Bxe6 21. dxe6 Nc7 22. Qxd6 Qxd6 23. Nxd6 Bf6 24. Bc3 Ng7 25. Nf7 Bxc3 26. bxc3 Ngxe6 27. Ne5 Rb2 28. e3 Rfb8 29. c4 Kg7 30. Rfd1 Rd8 31. Rxd8 Nxd8 32. Rd1 Nde6 33. Rd7+ Kh8 34. Nf7+ Kg8 35. Bd5 a5 36. Ne5 Kh8 37. Re7 Rb6 38. Nd7 Rd6 39. Ne5 Kg8 40. Nc6 Nxd5 41. cxd5 Ng5 42. Ra7 Kh8 43. h4 Ne4 44. h5 g5 45. Ne7 Rf6 46. h6 Rf8 47. Nxf5 Nxf2 48. d6 Kg8 49. Rg7+ Kh8 50. Re7 Ng4 51. d7 Nf6 52. Nd6 Kg8 53. Rg7+ 1-0

[Event "GER-chT DLM U20"]
[Site "Wismar"]
[Date "2009.10.01"]
[Round "3"]
[White "Aslan, Benjamin"]
[Black "Kartsev, Alexandr"]
[Result "1/2-1/2"]
[WhiteElo "2040"]
[BlackElo "2152"]
[PlyCount "103"]
[EventDate "2009.09.30"]
[EventType "team-swiss"]
[EventRounds "7"]
[EventCountry "GER"]
[SourceTitle "CBM 132 Extra"]
[Source "ChessBase"]
[SourceDate "2009.11.03"]
[SourceVersion "1"]
[SourceVersionDate "2009.11.03"]
[SourceQuality "1"]
[WhiteTeam "Hessen U20"]
[BlackTeam "Nordrhein Westfalen U20"]
[WhiteTeamCountry "GER"]
[BlackTeamCountry "GER"]

1. d4 f5 2. g3 Nf6 3. Bg2 e6 4. c4 d5 5. Nf3 c6 6. 0-0 Bd6 7. b3 0-0 8. Ba3 Bxa3 9. Nxa3 Qe7 10. Nc2 Nbd7 11. Nce1 Ne4 12. Nd3 Ndf6 13. Nfe5 Bd7 14. b4 Be8 15. a4 a5 16. f3 Nc3 17. Qc2 dxc4 18. Qxc3 cxd3 19. Nxd3 axb4 20. Qxb4 Qxb4 21. Nxb4 Nd5 22. Nd3 Nc3 23. Kf2 Rxa4 24. Rxa4 Nxa4 25. Ne5 Nc3 26. Ra1 Nb5 27. e3 Bf7 28. Bf1 Nd6 29. Ra7 Rd8 30. Bc4 Kf8 31. Bb3 Ke8 32. Nd3 e5 33. dxe5 Bxb3 34. exd6 Rxd6 35. Nc5 Bf7 36. Rxb7 Rd2+ 37. Ke1 Rxh2 38. Nd3 Bc4 39. Ne5 Bb5 40. Rxg7 Re2+ 41. Kd1 Rxe3 42. f4 h6 43. Rg6 Ke7 44. Nxc6+ Bxc6 45. Rxc6 Rxg3 46. Rxh6 Rg4 47. Ke2 Rxf4 48. Ke3 Re4+ 49. Kf3 Kf7 50. Ra6 Rb4 51. Rc6 Ra4 52. Rb6 1/2-1/2

[Event "GER-chT DLM U20"]
[Site "Wismar"]
[Date "2009.09.30"]
[Round "1"]
[White "Aslan, Benjamin"]
[Black "Voelsgen, Georg"]
[Result "1-0"]
[WhiteElo "2040"]
[BlackElo "1969"]
[PlyCount "77"]
[EventDate "2009.09.30"]
[EventType "team-swiss"]
[EventRounds "7"]
[EventCountry "GER"]
[SourceTitle "CBM 132 Extra"]
[Source "ChessBase"]
[SourceDate "2009.11.03"]
[SourceVersion "1"]
[SourceVersionDate "2009.11.03"]
[SourceQuality "1"]
[WhiteTeam "Hessen U20"]
[BlackTeam "Mecklenburg-Vorpommern U20"]
[WhiteTeamCountry "GER"]
[BlackTeamCountry "GER"]

1. d4 Nf6 2. c4 g6 3. Nc3 Bg7 4. e4 d6 5. Be2 0-0 6. Nf3 Nc6 7. 0-0 e5 8. d5 Ne7 9. Ne1 Ne8 10. Be3 f5 11. f3 Nf6 12. c5 h5 13. a4 fxe4 14. cxd6 Qxd6 15. fxe4 Ng4 16. Rxf8+ Bxf8 17. Bxg4 Bxg4 18. Qb3 a6 19. Qxb7 Re8 20. Nd3 Nc8 21. Rf1 h4 22. h3 Bh5 23. Nc5 Qb6 24. Qxb6 Nxb6 25. b3 Bxc5 26. Bxc5 Nd7 27. b4 Kg7 28. Be3 Rb8 29. b5 axb5 30. Nxb5 Nf6 31. Nxc7 Nxe4 32. a5 Rc8 33. Bb6 Nd2 34. Rf2 Nc4 35. Rc2 Nxb6 36. axb6 Rb8 37. d6 Bd1 38. Rd2 Ba4 39. d7 1-0

[Event "Karl Mala Memorial op 12th"]
[Site "Frankfurt"]
[Date "2009.07.19"]
[Round "7"]
[White "Aslan, Benjamin"]
[Black "Schreyer, Oliver"]
[Result "1/2-1/2"]
[WhiteElo "2034"]
[BlackElo "2133"]
[PlyCount "30"]
[EventDate "2009.07.16"]
[EventType "swiss"]
[EventRounds "7"]
[EventCountry "GER"]
[SourceTitle "EXT 2010"]
[Source "ChessBase"]
[SourceDate "2010.11.25"]
[SourceVersion "1"]
[SourceVersionDate "2010.11.25"]
[SourceQuality "1"]

1. d4 d5 2. c4 c6 3. Nf3 e6 4. e3 Bd6 5. b3 f5 6. Bd3 Nf6 7. 0-0 0-0 8. Ba3 Bxa3 9. Nxa3 Qd6 10. Nb1 Nbd7 11. cxd5 Nxd5 12. Nbd2 b5 13. a4 Bb7 14. Rc1 a6 15. Re1 Nb4 1/2-1/2

[Event "Karl Mala Memorial op 12th"]
[Site "Frankfurt"]
[Date "2009.07.18"]
[Round "5"]
[White "Pusch, Hermann"]
[Black "Aslan, Benjamin"]
[Result "1/2-1/2"]
[WhiteElo "2143"]
[BlackElo "2034"]
[PlyCount "34"]
[EventDate "2009.07.16"]
[EventType "swiss"]
[EventRounds "7"]
[EventCountry "GER"]
[SourceTitle "EXT 2010"]
[Source "ChessBase"]
[SourceDate "2010.11.25"]
[SourceVersion "1"]
[SourceVersionDate "2010.11.25"]
[SourceQuality "1"]

1. e4 e6 2. d4 d5 3. e5 c5 4. Qg4 cxd4 5. Nf3 Nc6 6. Bd3 f5 7. Qg3 Bd7 8. 0-0 Qc7 9. Bxf5 0-0-0 10. Bd3 g6 11. a3 Bg7 12. Re1 Nge7 13. b4 Rdf8 14. Bb2 Nf5 15. Qf4 Nfe7 16. Qg3 Nf5 17. Qf4 Nfe7 1/2-1/2

[Event "GER-chT Lands U20"]
[Site "Dresden"]
[Date "2008.11.18"]
[Round "7.2"]
[White "Aslan, Benjamin"]
[Black "Svane, Rasmus"]
[Result "1-0"]
[WhiteElo "2018"]
[BlackElo "2012"]
[PlyCount "59"]
[EventDate "2008.11.14"]
[EventType "team-swiss"]
[EventRounds "7"]
[EventCountry "GER"]
[SourceTitle "EXT 2010"]
[Source "ChessBase"]
[SourceDate "2010.11.25"]
[SourceVersion "1"]
[SourceVersionDate "2010.11.25"]
[SourceQuality "1"]
[WhiteTeam "Hessen II"]
[BlackTeam "Schleswig Holstein"]
[WhiteTeamCountry "GER"]
[BlackTeamCountry "GER"]

1. d4 Nf6 2. c4 e6 3. g3 c5 4. Nf3 cxd4 5. Nxd4 Bb4+ 6. Bd2 Bxd2+ 7. Nxd2 Qb6 8. N4b3 Qc6 9. e4 0-0 10. Bg2 d6 11. 0-0 Qc7 12. Rc1 Nbd7 13. Nb1 Nc5 14. Nc3 Bd7 15. Nd4 Rfd8 16. Qe2 Rac8 17. Rfd1 b6 18. Ncb5 Qb8 19. Rd2 a6 20. Nxd6 Qxd6 21. e5 Qe7 22. exf6 Qxf6 23. Rcd1 e5 24. Nb3 Nxb3 25. axb3 Qe7 26. Qd3 g6 27. Qd6 Kf8 28. Qxb6 Ke8 29. Bb7 Rb8 30. Qc7 1-0